000 00196 a2200097 4500
020 _a9686670521
041 _aspa
100 _aHurtado mendoza,FRancisco
245 _aLa Divina Tzipan
942 _cBK
999 _c31743
_d31741